000 00662nam a2200193Ia 4500
003 GCL
008 140319s9999 xx 000 0 ara d
040 _aGCL /
_cGCL
082 0 4 _a813.009
_bص ف
100 1 _aصلاح الدين بوجاة
245 1 0 _aفى الواقعية الروائية, الشىء بين الجوهر والعرض /
_cصلاح الدين بوجاة
260 _a[S.N] :
_bالمؤسسة الجامعية للدراسات والنشر والتوزيع ،
_c1993
300 _a171 ص
490 _a
650 0 4 _aالادب العربى
650 0 4 _aالقصة العربية
650 0 4 _aتاريخ ونقد
942 _2ddc
_cBK
999 _c56047
_d56047